01308cam a22002051 4500082002000000100002600020245002700046260004400073300005100117500027400168500036100442526003700803650001300840650003000853700004200883700002700925942001200952999001900964952011900983 a355.009244bMAU1 aMaurois, Ander94928210aMarshal Lyautey/b;c; aLondon,bG. Allen & Unwin, ltd.c[1931] a289 p., 1 l.bfront. (port.) pl., map.c23 cm. a"Translated from the first French edition o Chroniques de Gomes Eannes de Azurara, in the series 'Les grands navigateurs et colons portugais du XVe et du XVIe siècles: anthologie des écrits de lʼépoque par Virginia de Castro et Almeida' ... Paris, 1934."- p. [4] aAn abridgment of the Portuguese originals, Chronica do descobrimento e conquista de Guiné ... illustrada com algumas notas pelo visconde de Santarem ... Pariz, 1841, 3. pte.; and Chronica de el-rei d. João I, por Fernão Lopez, 3. pte., "em que se contem a Tomada de Ceuta, composta por Gomes Eannes de Azurara." (cf. the edition of Lisbon, 1897-1900) a0b0c0d355_009244000000000_MAU 0aMCE9379 0aPortuguesezAfrica9492831 aAlmeida, Virginia de Castro e,9492841 aMiall, Bernard,949285 2ddccBK c552075d552075 00102ddc4070aMCEbMCEcArchive Sectiond2015-01-06l0o355.009244 MAUpMCE-ECM/106r2015-01-06w2015-01-06yBK